| 000 | 01374cam a22003131 4500 | ||
|---|---|---|---|
| 001 | gs 45000006 | ||
| 003 | DLC | ||
| 005 | 20260227111350.0 | ||
| 008 | 791004s1945 dcua 000 0 eng | ||
| 010 | _ags 45000006 | ||
| 035 | _a(OCoLC)5466953 | ||
| 040 |
_aDLC _cTxE _dOCoLC _dDLC |
||
| 050 | 0 | 0 |
_aTC801 _b.U2 no. 919 |
| 100 | 1 |
_aSayre, A. N. _q(Albert Nelson), _d1901- |
|
| 245 | 1 | 0 |
_aGround-water resources of the El Paso area, Texas, _cby A. N. Sayre and Penn Livingston. |
| 260 |
_aWashington, _bU.S. Govt. Print. Off., _c1945. |
||
| 300 |
_avi, 190 p. _bincl. illus., tables. 16 pl. (part fold. incl. maps, diagrs.) on 11 l. _c23 cm. |
||
| 490 | 0 | _aU.S. Geological survey; water-supply paper 919 | |
| 500 | _aAt head of title: United States Dept. of the Interior ... Geological Survey ... | ||
| 501 |
_aWith : Utilization of surface-water resources of Sevier Lake basin, Utah. Washington : U.S. Govt. Print. Off.,1947. Bound together subsequent to publication. _5DLC |
||
| 504 | _aBibliographical footnotes. | ||
| 500 | _aThree folded maps and folded diagram in pocket. | ||
| 650 | 0 |
_aGroundwater _zTexas _zEl Paso Region. |
|
| 650 | 0 |
_aWater-supply _zTexas _zEl Paso Region. |
|
| 650 | 0 |
_aGeology _zTexas _zEl Paso Region. |
|
| 700 | 1 |
_aLivingston, Penn _q(Penn Poore), _d1899- |
|
| 710 | 1 |
_aEl Paso (Tex.). _bWater Board. |
|
| 710 | 2 | _aTexas Water Commission. | |
| 999 |
_c28007 _d28007 |
||